| 000 | 00628nam a2200169 i 4500 | ||
|---|---|---|---|
| 001 | 65566 | ||
| 003 | ES-MaACL | ||
| 005 | 20230906165421.0 | ||
| 007 | t| | ||
| 008 | 040116s1957 sp ||||1| spa d | ||
| 100 | 1 |
_aFriedrich, Rudolf. _952654 |
|
| 245 | 1 | 0 |
_aDuelo con la muerte _b: teorías, problemas y resultados de la medicina actual / _cRudolf Friedrich ; traducción del alemán por A. Curieses del Agua. |
| 260 |
_aBarcelona : _bLabor, _c[1957] ( _fTalls. Gráf. Ibero-Americanos) |
||
| 300 |
_a330 p., 9 lám. : _bil. ; _c22 cm. |
||
| 700 | 1 |
_aCurieses del Agua, Antonio. _942220 |
|
| 852 |
_aES-MaACL _jC-14107 _bR.41727 |
||
| 999 |
_c65566 _d65566 |
||